[Event "Latin Cup-A 6th"]
[Site "Buenos Aires"]
[Date "2015.03.22"]
[Round "5"]
[White "Montes de Oca, Juan Jose"]
[Black "Laurnagaray, Santiago"]
[Result "1/2-1/2"]
[WhiteElo "2071"]
[BlackElo "1535"]
[PlyCount "61"]
[EventDate "2015.03.19"]
[EventType "swiss"]
[EventRounds "9"]
[EventCountry "ARG"]
[SourceTitle "CBM 165 Extra"]
[Source "ChessBase"]
[SourceDate "2015.04.21"]
[SourceVersion "1"]
[SourceVersionDate "2015.04.21"]
[SourceQuality "1"]

1. e4 e6 2. d4 d5 3. Nc3 Bb4 4. e5 c5 5. a3 Bxc3+ 6. bxc3 Ne7 7. Nf3 Nd7 8. a4 Qc7 9. Bd3 f6 10. Bb5 Nc6 11. Bf4 0-0 12. Bxc6 bxc6 13. 0-0 fxe5 14. Bxe5 Nxe5 15. Nxe5 cxd4 16. cxd4 c5 17. c3 Rf6 18. Re1 Bb7 19. dxc5 Qxc5 20. Qd4 Qc7 21. Reb1 Ba6 22. f4 Raf8 23. g3 Rf5 24. Nf3 Bc8 25. Ne5 g5 26. Ng4 Qg7 27. Qxg7+ Kxg7 28. Ne3 R5f7 29. fxg5 Ba6 30. Ng4 Bd3 31. Rc1 1/2-1/2

[Event "Latin Cup-A 6th"]
[Site "Buenos Aires"]
[Date "2015.03.20"]
[Round "2"]
[White "Laurnagaray, Santiago"]
[Black "Tokman, Ariel"]
[Result "0-1"]
[WhiteElo "1535"]
[BlackElo "2320"]
[PlyCount "98"]
[EventDate "2015.03.19"]
[EventType "swiss"]
[EventRounds "9"]
[EventCountry "ARG"]
[SourceTitle "CBM 165 Extra"]
[Source "ChessBase"]
[SourceDate "2015.04.21"]
[SourceVersion "1"]
[SourceVersionDate "2015.04.21"]
[SourceQuality "1"]

1. e4 c5 2. Nf3 e6 3. d4 cxd4 4. Nxd4 a6 5. Bd3 g6 6. 0-0 Bg7 7. Nb3 Nc6 8. Qe2 Nge7 9. Kh1 0-0 10. f4 d5 11. c3 dxe4 12. Bxe4 Qc7 13. N1d2 a5 14. Nf3 b6 15. Qf2 a4 16. Nbd4 Ba6 17. Rd1 Rab8 18. a3 Nxd4 19. Nxd4 Rfd8 20. Be3 Nd5 21. Bxd5 Rxd5 22. Nf3 Bc4 23. Nd2 b5 24. Nxc4 Qxc4 25. Rd2 Rbd8 26. Rad1 f5 27. Kg1 e5 28. fxe5 Bxe5 29. Rxd5 Rxd5 30. Rxd5 Qxd5 31. Qd2 Qxd2 32. Bxd2 Kf7 33. Kf2 Ke6 34. h3 Kd5 35. Ke2 Kc4 36. Bc1 Kb3 37. Kd3 h5 38. h4 Bf6 39. g3 Be5 40. Bf4 Bxf4 41. gxf4 Kxb2 42. c4 bxc4+ 43. Kxc4 Kxa3 44. Kc3 Ka2 45. Kd4 a3 46. Ke5 Kb3 47. Kf6 a2 48. Kxg6 a1Q 49. Kxf5 Qg1 0-1